003290000a22001450004500060000800000082001800008100001800026100002300044245002100067250000600088260005100094260000900145300000800154650002100162 a100 a636.085 2 MAY aLooli, John K aMaynard, Leonard A aAnimal nutrition a6 aTata mc graw - hill publishing company limited c1956 a613 aAnimal nutrition